| 000 | 00398nam a2200157Ia 4500 | ||
|---|---|---|---|
| 005 | 20250509015821.0 | ||
| 008 | 240331s9999 xx 000 0 und d | ||
| 020 | _a955573254X | ||
| 082 |
_a100 _bSEN |
||
| 100 | _aSenavirathne, J | ||
| 245 | 0 |
_aGahanu manussaya : _bjeewithayata Idadenna |
|
| 260 |
_aColombo _bSarasavi Books _c2003 |
||
| 300 | _a242 p ., | ||
| 500 | _aThe Book Of Women | ||
| 942 | _cL | ||
| 999 |
_c722 _d722 |
||